000 00575nam a22001697a 4500
008 100804t xxu||||| |||| 00| 0 eng d
020 _a978-92-5-206239-4
040 _aBIDOC
041 _aFr
110 _aFAO
_97994
245 _aPréparation des stratégies et de plans d'action nationaux pour les ressources zoogénétiques
_c/ FAO
260 _aRome
_b: FAO
_c, 2009
300 _av - 77 p.
_c25 cm
440 _a(FAO Production et santé animales
_nN°2
_x, ISSN : 1810 - 0716)
_97995
653 _aRessources génétiques
_aPlans d'action
_aDirectives
942 _cLIVR
999 _c47470
_d47470